Chronicle of the Canongate. Second series. Saint Valentine's day. From the last revised edition, containing the author's final corrections, notes, &c. Parker's edition
Збережено в:
| Автор: | |
|---|---|
| Формат: | Книга |
| Мова: | Англійська |
| Опубліковано: |
Boston
Sanborn, Carter and Bazin
1855
|
| Редагування: | 2a. ed |
| Серія: | Waverley Novels: Library Edition. XXI
|
| Предмети: | |
| Теги: |
Додати тег
Немає тегів, Будьте першим, хто поставить тег для цього запису!
|
MARC
| LEADER | 00000nam a2200000 a 4500 | ||
|---|---|---|---|
| 001 | UCJ7995 | ||
| 003 | CL-VaPUC | ||
| 008 | 070124e18550000US |||||||||||||||||eng|d | ||
| 082 | 0 | 4 | |a 823 |b SCO |2 21 |
| 100 | 0 | |a Scott, Walter |e author |9 354318 | |
| 245 | 1 | 0 | |a Chronicle of the Canongate. Second series. Saint Valentine's day. From the last revised edition, containing the author's final corrections, notes, &c. Parker's edition |
| 250 | |a 2a. ed | ||
| 300 | |a 272 p | ||
| 942 | |c BK | ||
| 945 | |d 20070124 00:00:00 |a rinostro | ||
| 260 | |a Boston |b Sanborn, Carter and Bazin |c 1855 | ||
| 500 | |a Dos grabados al inicio | ||
| 650 | 7 | |a NOVELA ESCOCESA |2 CL-VaPUC |9 330483 | |
| 650 | 0 | |a Ilustraciones |9 369481 | |
| 583 | |a last modification |c 20070124 00:00:00 |k Rodrigo Vera | ||
| 490 | 0 | |a Waverley Novels: Library Edition. XXI | |
| 999 | |c 323855 |d 323853 | ||
| 952 | |0 0 |1 0 |4 0 |6 823_000000000000000_SCO_1855 |7 0 |8 X |9 403676 |a FDOBUD |b FDOBUD |d 2019-11-22 |i 107122K |o 823 SCO 1855 |p 107122K |r 2019-11-22 |w 2019-11-22 |y BK_X |k BUD | ||